| 000 | | | 04079nac2a22002773x 450 |
| 001 | | | 9b4b45be-66d4-4cb7-86bc-42468babb0c5 |
| 005 | | | 20221228083819.0 |
| 100 | ## | $a | 20221117l19261929k y0rusy50 ca |
| 101 | 0# | $a | rus |
| | $a | mul |
| 102 | ## | $a | RU |
| 105 | ## | $a | y z ||||| |
| 122 | 2# | $a | d19260819 |
| | $a | d19290606 |
| 200 | 1# | $a | О возвращении НКИД средств затраченных на владение "Морозовка" |
| | $j | 19.08.1926 - 06.06.1929 |
| 215 | ## | $a | 34 листа |
| 251 | ## | $c | Дело |
| 300 | ## | $a | Часть текста на языках народов СССР |
| 300 | ## | $a | Обратная нумерация с 34 по 1 |
| 300 | ## | $a | Часть текста машинописная и рукописная, часть - напечатана типографским способом |
| 324 | ## | $a | В деле имеются копии отдельных документов |
| 461 | #0 | $1 | 001796d4672-8a00-4986-b488-6e42273792cc |
| | $1 | 2001 |
| | $a | ЦЕНТРАЛЬНЫЙ ИСПОЛНИТЕЛЬНЫЙ КОМИТЕТ СССР (ЦИК СССР). |
| | $1 | 251 |
| | $c | Фонд |
| | $1 | 852 |
| | $g | Р |
| | $j | 3316 |
| 462 | #0 | $1 | 001e365b2fb-f374-4764-a068-dc9012f0aaee |
| | $1 | 2001 |
| | $a | Дела Секретариата Президиума ЦИК Союза ССР за 1926 г. |
| | $v | Д. 791 |
| | $1 | 251 |
| | $c | Опись |
| | $1 | 852 |
| | $j | 19 |
| 601 | 01 | $3 | RU\NLR\AUTH\880357276 |
| | $a | СССР |
| | $b | ЦИК |
| 601 | 01 | $3 | RU\NLR\AUTH\8810033904 |
| | $a | СССР |
| | $b | Народный комиссариат по иностранным делам |
| 801 | #0 | $a | RU |
| | $b | GA_RF |
| 801 | #1 | $a | RU |
| | $b | ГлавНИВЦ |
| | $c | 20221117 |
| | $2 | rusmarc |
| 801 | #2 | $a | RU |
| | $b | ПБ им. Б.Н. Ельцина |
| | $c | 20221228 |
| | $g | RCR |
| | $2 | rusmarc |
| 852 | ## | $a | ГА РФ |
| | $j | 791 |
| 937 | ## | $d | 181816660 |
| | $h | ГАРФ |
| 035 | ## | $a | RuPRLIB51070218 |
| 856 | ## | $u | http://readingroom.main.prlib.ru/item.aspx?id_node=n181816660&mode=full |